[Event "St Petersburg Korchnoi Memorial op"]
[White "Shaposhnikov, Lev"]
[Black "Imashev, Ildar"]
[Site "St Petersburg"]
[Round "4"]
[Result "1/2-1/2"]
[Date "2024.08.18"]
[WhiteElo "1851"]
[BlackElo "2056"]
[PlyCount "83"]
[EventDate "2024.08.17"]
[EventType "swiss"]
[EventRounds "9"]
[EventCountry "RUS"]
[SourceTitle "CBM 221 Extra"]
[Source "ChessBase"]
[SourceDate "2024.09.30"]
[SourceVersion "1"]
[SourceVersionDate "2024.09.30"]
[SourceQuality "1"]

1. d4 Nf6 2. c4 g6 3. Nc3 d5 4. Nf3 Bg7 5. e3 0-0 6. b4 b6 7. Be2 c5 8. bxc5 bxc5 9. 0-0 dxc4 10. Bxc4 Nbd7 11. Rb1 Nb6 12. Bb5 Bf5 13. Bd3 Bxd3 14. Qxd3 cxd4 15. exd4 Rc8 16. Ba3 Nc4 17. Rb3 Re8 18. Rd1 Nd5 19. Ne4 Nf4 20. Qf1 Qd5 21. Nc3 Qe6 22. Bc1 Nd5 23. Na4 Ndb6 24. Nxb6 Nxb6 25. Ba3 Rc2 26. Bc5 Rxa2 27. Qb5 Rc8 28. Re3 Qd7 29. Qb3 Qa4 30. Qxa4 Nxa4 31. Bxe7 Nc3 32. Rde1 Nd5 33. Re4 Re8 34. Bc5 Rxe4 35. Rxe4 Ra1+ 36. Re1 Rxe1+ 37. Nxe1 a5 38. Kf1 Nc3 39. Nc2 Bf8 40. Bxf8 Kxf8 41. Ke1 Ke7 42. Kd2 1/2-1/2

[Event "Chigorin Memorial 30th"]
[White "Galakhanova, Evelina"]
[Black "Imashev, Ildar"]
[Site "St Petersburg"]
[Round "4"]
[Result "1/2-1/2"]
[Date "2023.10.24"]
[WhiteElo "1810"]
[BlackElo "1979"]
[PlyCount "85"]
[EventDate "2023.10.21"]
[EventType "swiss"]
[EventRounds "9"]
[EventCountry "RUS"]
[SourceTitle "CBM 216 Extra"]
[Source "ChessBase"]
[SourceDate "2023.11.30"]
[SourceVersion "1"]
[SourceVersionDate "2023.11.30"]
[SourceQuality "1"]

1. d4 Nf6 2. c4 g6 3. Nc3 d5 4. cxd5 Nxd5 5. e4 Nxc3 6. bxc3 Bg7 7. Bc4 c5 8. Ne2 0-0 9. 0-0 Nc6 10. Be3 b6 11. dxc5 Qc7 12. cxb6 axb6 13. Rb1 Ne5 14. Bd5 Rb8 15. f4 Ng4 16. Bd4 e5 17. fxe5 Bxe5 18. g3 Bxd4+ 19. cxd4 Ne3 20. Qc1 Nxd5 21. exd5 Qd6 22. Qg5 f6 23. Qf4 Qxd5 24. Nc3 Qc6 25. Qf3 Qc4 26. Qd5+ Be6 27. Qxc4 Bxc4 28. Rf2 f5 29. Rfb2 Rfd8 30. Rxb6 Rxb6 31. Rxb6 Rxd4 32. a4 Rd3 33. Nb5 Rb3 34. Rb8+ Kg7 35. Rb7+ Kf6 36. Rxh7 Bxb5 37. axb5 Rxb5 38. Kf2 g5 39. h3 Rb2+ 40. Kf3 Kg6 41. Ra7 Rb3+ 42. Kg2 Rb2+ 43. Kf3 1/2-1/2

[Event "Bashkortostan-ch"]
[White "Imashev, Ildar"]
[Black "Zatokovenko, Igor"]
[Site "Ufa"]
[Round "8"]
[Result "1-0"]
[Date "2018.12.22"]
[WhiteElo "2236"]
[BlackElo "2205"]
[PlyCount "71"]
[EventDate "2018.12.16"]
[EventType "tourn"]
[EventRounds "9"]
[EventCountry "RUS"]
[SourceTitle "CBM 188 Extra"]
[Source "ChessBase"]
[SourceDate "2019.02.28"]
[SourceVersion "1"]
[SourceVersionDate "2019.02.28"]
[SourceQuality "1"]

1. e4 c5 2. Nf3 Nc6 3. Nc3 e5 4. Bc4 d6 5. d3 Be7 6. Nd2 Nf6 7. Nf1 0-0 8. Ne3 Na5 9. Bd5 Nc6 10. 0-0 Kh8 11. a4 Nxd5 12. Ncxd5 Bg5 13. c3 Be6 14. f4 exf4 15. Nxf4 Ne5 16. Ned5 Ng6 17. Nxg6+ hxg6 18. Bxg5 Qxg5 19. Nf4 Qe5 20. Qf3 Kg8 21. Rae1 b6 22. Qf2 Bb3 23. d4 cxd4 24. cxd4 Qf6 25. Qe3 Bxa4 26. Nd5 Qd8 27. Rc1 Bd7 28. Qa3 Bb5 29. Rfe1 a6 30. e5 Re8 31. exd6 Re6 32. Ne7+ Kf8 33. Rxe6 fxe6 34. Qf3+ Ke8 35. Nxg6 Kd7 36. Ne5+ 1-0

[Event "Bashkortostan-ch"]
[White "Imashev, Ildar"]
[Black "Karimov, Zakir"]
[Site "Ufa"]
[Round "3"]
[Result "1-0"]
[Date "2018.12.18"]
[WhiteElo "2236"]
[BlackElo "1872"]
[PlyCount "83"]
[EventDate "2018.12.16"]
[EventType "tourn"]
[EventRounds "9"]
[EventCountry "RUS"]
[SourceTitle "CBM 188 Extra"]
[Source "ChessBase"]
[SourceDate "2019.02.28"]
[SourceVersion "1"]
[SourceVersionDate "2019.02.28"]
[SourceQuality "1"]

1. b3 b6 2. Nf3 Bb7 3. e3 c5 4. Bb2 Nf6 5. c4 g6 6. Bxf6 exf6 7. Be2 Bg7 8. Nc3 0-0 9. 0-0 Nc6 10. Rc1 Ne7 11. d4 d6 12. Qc2 a6 13. Rfd1 Qc7 14. Rd2 f5 15. Rcd1 Rad8 16. Qb1 Ba8 17. Rc2 Bf6 18. b4 Kg7 19. Qb3 h5 20. Nd5 Nxd5 21. cxd5 Qa7 22. dxc5 bxc5 23. bxc5 dxc5 24. Qc4 Be7 25. Ne5 Qc7 26. Nf3 Qd6 27. Qc3+ f6 28. Bc4 Rb8 29. Ng5 Rg8 30. Ne6+ Kh6 31. Qd2 Kh7 32. Qe2 Rb6 33. f4 Bb7 34. h3 Rh8 35. g4 Kg8 36. gxf5 g5 37. e4 Kf7 38. e5 Qb8 39. d6 gxf4 40. Nxf4+ Kg7 41. Nxh5+ Kh6 42. Qg4 1-0

[Event "Nezhmetdinov Memorial 39th"]
[White "Imashev, Ildar"]
[Black "Asatryan, Gor"]
[Site "Kazan"]
[Round "7"]
[Result "1-0"]
[Date "2017.06.06"]
[WhiteElo "2275"]
[BlackElo "1955"]
[PlyCount "83"]
[EventDate "2017.05.31"]
[EventType "swiss"]
[EventRounds "9"]
[EventCountry "RUS"]
[SourceTitle "EXT 2018"]
[Source "ChessBase"]
[SourceDate "2017.10.13"]
[SourceVersion "1"]
[SourceVersionDate "2017.10.13"]
[SourceQuality "1"]

1. e4 c5 2. Nf3 e6 3. c4 a6 4. Nc3 Qc7 5. Be2 Nf6 6. 0-0 d6 7. d4 cxd4 8. Nxd4 Nbd7 9. Be3 Be7 10. Qd2 b6 11. f3 Bb7 12. a4 Ne5 13. Rfc1 0-0 14. a5 bxa5 15. Nb3 Nc6 16. Nd5 exd5 17. cxd5 Qd7 18. dxc6 Bxc6 19. Nxa5 Bb5 20. Nc4 Qe6 21. Nb6 Rad8 22. Bxb5 axb5 23. Rd1 Qe5 24. Bd4 Qh5 25. Ra7 Rfe8 26. Rc1 Rb8 27. Bxf6 Bxf6 28. Nd7 Be5 29. g4 Qh3 30. Nxb8 Qxf3 31. Nc6 Bf4 32. Rc3 Qxe4 33. Qf2 g5 34. Nd4 b4 35. Rf3 Be5 36. Nf5 Qxg4+ 37. Kf1 Qc4+ 38. Kg2 Bf4 39. Nh6+ Kg7 40. Rxf7+ Kxh6 41. R3xf4 Qd5+ 42. Rf3 1-0

[Event "Nezhmetdinov Memorial 39th"]
[White "Grishchenko, Sergey"]
[Black "Imashev, Ildar"]
[Site "Kazan"]
[Round "4"]
[Result "1-0"]
[Date "2017.06.03"]
[WhiteElo "2447"]
[BlackElo "2275"]
[PlyCount "113"]
[EventDate "2017.05.31"]
[EventType "swiss"]
[EventRounds "9"]
[EventCountry "RUS"]
[SourceTitle "EXT 2018"]
[Source "ChessBase"]
[SourceDate "2017.10.13"]
[SourceVersion "1"]
[SourceVersionDate "2017.10.13"]
[SourceQuality "1"]

1. d4 f5 2. c4 Nf6 3. Nc3 d6 4. Bg5 c6 5. Bxf6 exf6 6. e3 Na6 7. Bd3 Be7 8. h4 Qb6 9. a3 Bd7 10. Nge2 g6 11. Qc2 Qa5 12. Qb1 b5 13. b4 Qb6 14. cxb5 cxb5 15. h5 Kf7 16. Nf4 Nc7 17. Qb3+ Kg7 18. h6+ Kf8 19. Bb1 Qb8 20. Ba2 Qe8 21. Ncd5 Bd8 22. Rc1 Rc8 23. Nxc7 Rxc7 24. Kd2 Rxc1 25. Kxc1 Bb6 26. Kd2 g5 27. Nh5 Qg6 28. Ng7 Ke7 29. Qd5 Rc8 30. Bb1 Qf7 31. Qxf7+ Kxf7 32. Bxf5 Bxf5 33. Nxf5 Ke6 34. g4 d5 35. Rc1 Rc4 36. Rxc4 dxc4 37. Kc3 Bc7 38. a4 a6 39. axb5 axb5 40. f3 Bh2 41. Kd2 Bd6 42. Kc3 Bh2 43. Ng7+ Kd7 44. Nf5 Ke6 45. Kd2 Bd6 46. Nxd6 Kxd6 47. e4 Ke6 48. Ke3 Kd6 49. f4 Ke7 50. e5 gxf4+ 51. Kxf4 Kf7 52. exf6 Kxf6 53. d5 c3 54. Ke3 Ke5 55. g5 Kxd5 56. Kd3 Ke6 57. g6 1-0

[Event "Izhevsk Corporation Cup 6th"]
[White "Imashev, Ildar"]
[Black "Martynyuk, Elizaveta"]
[Site "Izhevsk"]
[Round "3"]
[Result "1/2-1/2"]
[Date "2014.07.14"]
[WhiteElo "2259"]
[BlackElo "2028"]
[PlyCount "87"]
[EventDate "2014.07.12"]
[EventType "swiss"]
[EventRounds "9"]
[EventCountry "RUS"]
[SourceTitle "CBM 161 Extra"]
[Source "ChessBase"]
[SourceDate "2014.08.29"]
[SourceVersion "1"]
[SourceVersionDate "2014.08.29"]
[SourceQuality "1"]

1. d4 d5 2. c4 c6 3. Nf3 Nf6 4. Nc3 dxc4 5. e4 b5 6. e5 Nd5 7. a4 e6 8. axb5 Nxc3 9. bxc3 cxb5 10. Ng5 Bb7 11. Qh5 g6 12. Qg4 Be7 13. Be2 Bd5 14. h4 h6 15. Ne4 h5 16. Qf4 Nc6 17. 0-0 Bxe4 18. Qxe4 Rc8 19. Ra6 Qc7 20. Bf3 Nb8 21. Ra1 a5 22. d5 exd5 23. Qxd5 0-0 24. Qxb5 Nc6 25. Re1 Bxh4 26. Qxc4 Be7 27. Bf4 Qb6 28. Rab1 Nb4 29. Qb3 a4 30. Qa3 Nd3 31. Rxb6 Bxa3 32. Re4 Bc5 33. Rb5 a3 34. Be3 Bxe3 35. Rxe3 Rxc3 36. Ra5 Rc1+ 37. Kh2 Nxf2 38. Kg3 Nh1+ 39. Kh4 Rc4+ 40. Kg5 Ng3 41. Rexa3 Kg7 42. R3a4 Rfc8 43. Ra7 R4c5 44. Kf4 1/2-1/2

[Event "Izhevsk Corporation Cup 6th"]
[White "Kostitsina, Liubov"]
[Black "Imashev, Ildar"]
[Site "Izhevsk"]
[Round "2"]
[Result "1/2-1/2"]
[Date "2014.07.13"]
[WhiteElo "2085"]
[BlackElo "2259"]
[PlyCount "119"]
[EventDate "2014.07.12"]
[EventType "swiss"]
[EventRounds "9"]
[EventCountry "RUS"]
[SourceTitle "CBM 161 Extra"]
[Source "ChessBase"]
[SourceDate "2014.08.29"]
[SourceVersion "1"]
[SourceVersionDate "2014.08.29"]
[SourceQuality "1"]

1. e4 e5 2. Nf3 Nf6 3. Nxe5 d6 4. Nf3 Nxe4 5. Nc3 Nf6 6. d4 Be7 7. Bf4 0-0 8. Qd2 c6 9. Bd3 Na6 10. a3 Nc7 11. h3 Re8 12. 0-0 Ne6 13. Bh2 Nf8 14. Rae1 Be6 15. Re2 Qd7 16. Rfe1 Ng6 17. Nd1 Bd5 18. Re3 Bf8 19. c4 Bxf3 20. Rxf3 Rxe1+ 21. Qxe1 Nh4 22. Rf4 Re8 23. Qd2 Ng6 24. Rf3 d5 25. Bf5 Qd8 26. Rb3 b6 27. Ne3 dxc4 28. Rc3 b5 29. Rc1 Nd5 30. Bg3 Nxe3 31. fxe3 Qg5 32. Bg4 f5 33. Bf4 Nxf4 34. exf4 Qf6 35. Bf3 Rd8 36. d5 cxd5 37. Bxd5+ Kh8 38. Rd1 Qb6+ 39. Kh1 Qc5 40. Qd4 Qxd4 41. Rxd4 c3 42. bxc3 Bxa3 43. Rd3 Be7 44. Re3 Bd6 45. g3 g5 46. Bc6 gxf4 47. gxf4 Bxf4 48. Rf3 Rd1+ 49. Kg2 Rd2+ 50. Kf1 Be5 51. Rxf5 Bxc3 52. Rxb5 Rd8 53. Rb7 a5 54. Be4 Rf8+ 55. Ke2 Bg7 56. Ra7 Re8 57. Kd3 Rd8+ 58. Ke2 Re8 59. Kd3 Rd8+ 60. Ke2 1/2-1/2

[Event "Satka Summer op"]
[White "Imashev, Ildar"]
[Black "Polosin, Evgeni"]
[Site "Satka"]
[Round "6"]
[Result "1-0"]
[Date "2014.07.06"]
[WhiteElo "2259"]
[BlackElo "2019"]
[PlyCount "87"]
[EventDate "2014.07.02"]
[EventType "swiss"]
[EventRounds "9"]
[EventCountry "RUS"]
[SourceTitle "CBM 161 Extra"]
[Source "ChessBase"]
[SourceDate "2014.08.29"]
[SourceVersion "1"]
[SourceVersionDate "2014.08.29"]
[SourceQuality "1"]

1. e4 e5 2. Nf3 Nc6 3. Nc3 g6 4. d4 exd4 5. Nd5 Bg7 6. Bg5 Nge7 7. Bb5 h6 8. Bf6 Bxf6 9. Nxf6+ Kf8 10. Nxd4 Kg7 11. Ng4 h5 12. Ne3 Re8 13. 0-0 Ng8 14. c3 Nf6 15. f3 Nxd4 16. cxd4 c6 17. Ba4 d6 18. Qd2 b5 19. Bb3 c5 20. a4 b4 21. Rfd1 Qe7 22. Rac1 Bb7 23. Re1 Kh7 24. Rcd1 Rad8 25. Qf2 cxd4 26. Rxd4 d5 27. exd5 Bxd5 28. Nc2 Qf8 29. Rxe8 Qxe8 30. Qd2 Qc6 31. Ne3 Qb6 32. Kh1 Qa6 33. h3 Bxb3 34. Rxd8 Qxa4 35. Rb8 Qa1+ 36. Kh2 Qa5 37. Qd6 Nd7 38. Rxb4 Be6 39. Rb7 Qg5 40. f4 Qh4 41. Rxa7 Qf2 42. Qd4 h4 43. Nf5 Qxd4 44. Nxd4 1-0

[Event "Satka Summer op"]
[White "Khazov, Anton"]
[Black "Imashev, Ildar"]
[Site "Satka"]
[Round "9"]
[Result "0-1"]
[Date "2013.07.09"]
[WhiteElo "1976"]
[BlackElo "2273"]
[PlyCount "64"]
[EventDate "2013.07.02"]
[EventType "swiss"]
[EventRounds "9"]
[EventCountry "RUS"]
[SourceTitle "EXT 2014"]
[Source "ChessBase"]
[SourceDate "2013.11.20"]
[SourceVersion "1"]
[SourceVersionDate "2013.11.20"]
[SourceQuality "1"]

1. Nf3 d5 2. g3 Bg4 3. Bg2 Nd7 4. c4 e6 5. 0-0 c6 6. d3 Bd6 7. Nbd2 Ne7 8. Qc2 0-0 9. e4 a5 10. b3 a4 11. Bb2 b5 12. h3 Bh5 13. exd5 exd5 14. Rae1 axb3 15. axb3 Re8 16. Nd4 Qb6 17. N2f3 bxc4 18. dxc4 Bg6 19. Qd1 Nc5 20. cxd5 Nd3 21. Re2 Nxd5 22. Ne1 Rxe2 23. Qxe2 Nxb2 24. Qxb2 Be5 25. Nef3 Bf6 26. Qd2 Rd8 27. Re1 Nc7 28. Qf4 Nd5 29. Qd2 h6 30. Ne5 Ne7 31. Nef3 Nf5 32. Qa2 Nxd4 0-1

[Event "Ufa Gumerov Memorial"]
[White "Imashev, Ildar"]
[Black "Darmin, Dmitry"]
[Site "Ufa"]
[Round "8"]
[Result "1-0"]
[Date "2012.08.08"]
[WhiteElo "2264"]
[BlackElo "2356"]
[PlyCount "113"]
[EventDate "2012.08.01"]
[EventType "tourn"]
[EventRounds "9"]
[EventCountry "RUS"]
[EventCategory "7"]
[SourceTitle "EXT 2013"]
[Source "ChessBase"]
[SourceDate "2012.11.22"]
[SourceVersion "1"]
[SourceVersionDate "2012.11.22"]
[SourceQuality "1"]

1. e4 c6 2. d4 d5 3. e5 Bf5 4. Nf3 e6 5. Be2 Nd7 6. 0-0 Ne7 7. Nbd2 Rc8 8. Nb3 a6 9. a4 c5 10. Nxc5 Nxc5 11. dxc5 Nc6 12. Be3 Qc7 13. c3 Bg4 14. Bd4 Bxf3 15. Bxf3 Nxe5 16. Re1 Nxf3+ 17. Qxf3 Bxc5 18. Bxg7 Rg8 19. Be5 Qc6 20. Bf6 Rg6 21. Rad1 Kf8 22. h4 d4 23. Re4 dxc3 24. bxc3 Be7 25. Be5 f5 26. Rf4 Qxf3 27. Rxf3 Rc5 28. Re3 Ke8 29. Rb1 b5 30. axb5 Rxb5 31. Ra1 Rb6 32. Bd4 Rc6 33. Ra5 Kd7 34. Kf1 h5 35. g3 Rg8 36. Be5 Ra8 37. Kg2 Rc5 38. Ra4 Rd5 39. Re2 Bc5 40. c4 Rd1 41. Rea2 Rc1 42. Bf4 Rb1 43. Ra5 Bb6 44. R5a4 Bc5 45. Rd2+ Ke7 46. Bg5+ Kf7 47. Rd7+ Kg6 48. Ra5 Bf8 49. c5 Rb5 50. Rxb5 axb5 51. c6 Rc8 52. c7 Bg7 53. Bf4 e5 54. Bd2 Bf6 55. Ba5 f4 56. gxf4 exf4 57. Rd8 1-0

[Event "Ufa Gumerov Memorial"]
[White "Imashev, Ildar"]
[Black "Khismatullin, Denis Rimovich"]
[Site "Ufa"]
[Round "2"]
[Result "0-1"]
[Date "2012.08.02"]
[WhiteElo "2264"]
[BlackElo "2635"]
[PlyCount "110"]
[EventDate "2012.08.01"]
[EventType "tourn"]
[EventRounds "9"]
[EventCountry "RUS"]
[EventCategory "7"]
[SourceTitle "EXT 2013"]
[Source "ChessBase"]
[SourceDate "2012.11.22"]
[SourceVersion "1"]
[SourceVersionDate "2012.11.22"]
[SourceQuality "1"]

1. d4 Nf6 2. c4 e6 3. Nc3 Bb4 4. Nf3 c5 5. g3 Bxc3+ 6. bxc3 Qa5 7. Qd3 b6 8. Bg2 Bb7 9. 0-0 Be4 10. Qe3 0-0 11. Nd2 Bxg2 12. Kxg2 d6 13. Qf3 Nbd7 14. Rd1 Qa4 15. e4 Rfc8 16. Re1 Rab8 17. Qd3 b5 18. cxb5 c4 19. Qf3 Rxb5 20. Nf1 d5 21. Nd2 dxe4 22. Nxe4 Nxe4 23. Rxe4 Qa6 24. h4 Qc6 25. Re2 Nf6 26. Qxc6 Rxc6 27. f3 h5 28. Kf2 Nd5 29. Rc2 Kh7 30. Bd2 Rcb6 31. Bc1 Kg6 32. Ke2 Kf5 33. Bd2 Rb1 34. Rxb1 Rxb1 35. Bc1 f6 36. Kf2 Nb6 37. Ke2 a6 38. Kf2 Nd5 39. Ke2 g5 40. Kf2 gxh4 41. gxh4 a5 42. Kg3 Kg6 43. Kh3 Kf7 44. Kg3 Ke8 45. Kf2 Kd7 46. Kg2 a4 47. Kf2 Ne7 48. Kg2 Nf5 49. Kh3 Kc6 50. Bf4 Rh1+ 51. Rh2 Rf1 52. Kg2 Rd1 53. Kf2 Ra1 54. Bd2 Rxa2 55. Ke2 a3 0-1

[Event "Sterlitamak Rochinskiy op"]
[White "Zijatdinov, Ramil"]
[Black "Imashev, Ildar"]
[Site "Sterlitamak"]
[Round "7"]
[Result "0-1"]
[Date "2012.06.28"]
[WhiteElo "1859"]
[BlackElo "2268"]
[PlyCount "98"]
[EventDate "2012.06.22"]
[EventType "swiss"]
[EventRounds "9"]
[EventCountry "RUS"]
[SourceTitle "EXT 2013"]
[Source "ChessBase"]
[SourceDate "2012.11.22"]
[SourceVersion "1"]
[SourceVersionDate "2012.11.22"]
[SourceQuality "1"]

1. d4 d5 2. c4 e6 3. cxd5 exd5 4. Nc3 Be7 5. Nf3 c6 6. Qc2 Nf6 7. Bg5 g6 8. e3 Bf5 9. Bd3 Bxd3 10. Qxd3 Nbd7 11. 0-0 0-0 12. Rab1 a5 13. Nd2 Re8 14. a3 Nf8 15. Rfe1 Ne6 16. Bh4 Nh5 17. Bxe7 Qxe7 18. Nf3 Ng5 19. Nxg5 Qxg5 20. b4 axb4 21. axb4 f5 22. Ne2 Re6 23. b5 Rae8 24. bxc6 bxc6 25. Qc3 Qe7 26. Ng3 Nf6 27. Rb6 f4 28. Nf1 Ne4 29. Qc2 Qf6 30. exf4 Qxd4 31. Qb2 Qxb2 32. Rxb2 Nc3 33. Ra1 Ne2+ 34. Kh1 Nxf4 35. g3 Nd3 36. Rd2 Nc5 37. Rc2 Ne4 38. Rac1 Rc8 39. Kg2 Kf7 40. f3 Nf6 41. Kf2 Nd7 42. Rd1 Rce8 43. Ra1 c5 44. Ra7 R8e7 45. Ne3 Rxe3 46. Rxd7 Re2+ 47. Rxe2 Rxd7 48. Rc2 c4 49. Ke3 d4+ 0-1

[Event "Sterlitamak Rochinskiy op"]
[White "Imashev, Ildar"]
[Black "Nozdrin, Alexander V"]
[Site "Sterlitamak"]
[Round "4"]
[Result "0-1"]
[Date "2012.06.25"]
[WhiteElo "2268"]
[BlackElo "2376"]
[PlyCount "78"]
[EventDate "2012.06.22"]
[EventType "swiss"]
[EventRounds "9"]
[EventCountry "RUS"]
[SourceTitle "EXT 2013"]
[Source "ChessBase"]
[SourceDate "2012.11.22"]
[SourceVersion "1"]
[SourceVersionDate "2012.11.22"]
[SourceQuality "1"]

1. d4 Nf6 2. c4 e5 3. dxe5 Ng4 4. Nf3 Bc5 5. e3 Nc6 6. Nc3 Ngxe5 7. Be2 Nxf3+ 8. Bxf3 Ne5 9. Be2 0-0 10. 0-0 Re8 11. Kh1 a5 12. a3 Ra6 13. f4 Rd6 14. Qc2 Nc6 15. Ne4 Rh6 16. Bf3 Ba7 17. Ng5 Qe7 18. Bd5 Nd8 19. Bd2 c6 20. Bf3 d6 21. Qc3 f6 22. Ne4 f5 23. Ng5 Nf7 24. Nxf7 Qxf7 25. Qxa5 Bxe3 26. Bxe3 Rxe3 27. Rfe1 Rhe6 28. Rxe3 Rxe3 29. Qd2 Re8 30. Qxd6 Qxc4 31. Kg1 Qb5 32. Qd4 Be6 33. Re1 Qa5 34. Re5 Qc7 35. Qe3 Qd7 36. Be2 Kf7 37. Bd3 g6 38. Kf2 Rd8 39. Bc2 Qd2+ 0-1

[Event "Sterlitamak Rochinskiy op"]
[White "Karimov, Zakir"]
[Black "Imashev, Ildar"]
[Site "Sterlitamak"]
[Round "3"]
[Result "0-1"]
[Date "2012.06.24"]
[WhiteElo "2019"]
[BlackElo "2268"]
[PlyCount "102"]
[EventDate "2012.06.22"]
[EventType "swiss"]
[EventRounds "9"]
[EventCountry "RUS"]
[SourceTitle "EXT 2013"]
[Source "ChessBase"]
[SourceDate "2012.11.22"]
[SourceVersion "1"]
[SourceVersionDate "2012.11.22"]
[SourceQuality "1"]

1. e4 e5 2. Nf3 Nf6 3. Nxe5 d6 4. Nf3 Nxe4 5. d4 d5 6. Bd3 Bd6 7. c4 c6 8. cxd5 cxd5 9. Nc3 Nxc3 10. bxc3 0-0 11. Qc2 Re8+ 12. Kf1 h6 13. h3 Nd7 14. g4 Nf8 15. g5 h5 16. Be3 g6 17. Re1 Bd7 18. Kg2 Rc8 19. Bd2 Qc7 20. Qb3 Bf4 21. Rxe8 Rxe8 22. Bxf4 Qxf4 23. Qxb7 Rc8 24. c4 dxc4 25. Qe4 Ne6 26. Bc2 Bc6 27. d5 Qxe4 28. Bxe4 Bxd5 29. Bxd5 Nf4+ 30. Kg3 Nxd5 31. Nd4 Nc3 32. a3 Ne4+ 33. Kf4 Nxf2 34. Rh2 Nd3+ 35. Ke3 Rc5 36. h4 Re5+ 37. Kd2 Ra5 38. Nc2 Ne5 39. Kc3 Rb5 40. Re2 a5 41. Nd4 Rc5 42. a4 Kg7 43. Nb5 Nd7 44. Nd6 Rc6 45. Ne4 f5 46. gxf6+ Nxf6 47. Ng5 Nd5+ 48. Kd4 Nb6 49. Ne4 Nxa4 50. Ra2 c3 51. Kd3 Nc5+ 0-1